Online
Catalog

A history of Japan : (Record no. 1315)

MARC details
000 -CABECERA
campo de control de longitud fija 00963cam a2200277 a 4500
001 - NÚMERO DE CONTROL
campo de control 000001393
003 - IDENTIFICADOR DEL NÚMERO DE CONTROL
campo de control OSt
005 - FECHA Y HORA DE LA ÚLTIMA TRANSACCIÓN
campo de control 20200929145550.0
008 - DATOS DE LONGITUD FIJA--INFORMACIÓN GENERAL
campo de control de longitud fija 800723s1979 ja ab b 001 0 eng
040 ## - FUENTE DE LA CATALOGACIÓN
Centro catalogador/agencia de origen DO-SdBNP
Lengua de catalogación spa
Centro/agencia transcriptor BNPHU
100 1# - ENTRADA PRINCIPAL--NOMBRE DE PERSONA
Nombre de persona Sansom, George Bailey,
Títulos y otros términos asociados al nombre Sir,
Fechas asociadas al nombre 1883-
9 (RLIN) 4664
245 10 - MENCIÓN DE TÍTULO
Título A history of Japan :
Resto del título 1334-1615 /
Mención de responsabilidad, etc. George Sansom.
260 ## - PUBLICACIÓN, DISTRIBUCIÓN, ETC.
Lugar de publicación, distribución, etc. Tokyo :
Nombre del editor, distribuidor, etc. Charles E. Tuttle Company,
Fecha de publicación, distribución, etc. 1979.
Fecha de fabricación/manufactura reimpr. 1979
300 ## - DESCRIPCIÓN FÍSICA
Extensión 2 v. :
Otras características físicas il., maps. ;
Dimensiones 26 cm.
500 ## - NOTA GENERAL
Nota general Tercera reimpresión de 1979
500 ## - NOTA GENERAL
Nota general Incluye glosario, apéndice y notas biográficas.
500 ## - NOTA GENERAL
Nota general La biblioteca posee el volumen 2.
504 ## - NOTA DE BIBLIOGRAFÍA, ETC.
Nota de bibliografía, etc. Incluye referencias bibliográficas.
505 0# - NOTA DE CONTENIDO CON FORMATO
Información miscelánea v.1
Título A history of Japan, 1615-1867--
Información miscelánea v.2
Título A history of Japan to 1334.
590 ## - NOTA LOCAL (RLIN)
Nota local Inventariado, 2019/BT
651 #4 - PUNTO DE ACCESO ADICIONAL DE MATERIA--NOMBRE GEOGRÁFICO
Nombre geográfico Japón
Subdivisión general Historia
9 (RLIN) 4665
651 #4 - PUNTO DE ACCESO ADICIONAL DE MATERIA--NOMBRE GEOGRÁFICO
Nombre geográfico Japón
Subdivisión general Civilización
9 (RLIN) 4666
651 #4 - PUNTO DE ACCESO ADICIONAL DE MATERIA--NOMBRE GEOGRÁFICO
Nombre geográfico Japón
Subdivisión general Religión
9 (RLIN) 4667
942 ## - ELEMENTOS DE PUNTO DE ACCESO ADICIONAL (KOHA)
Fuente del sistema de clasificación o colocación Dewey Decimal Classification
Tipo de ítem Koha Libros y folletos
956 ## - LOCALIZACIÓN Y ACCESO ELECTRÓNICOS LOCAL (OCLC)
Nombre del host LOPEREZ
Holdings
Estado de retiro Estado de pérdida Restricciones de uso No para préstamo Código de colección Localización permanente Ubicación/localización actual Ubicación en estantería Fecha de adquisición Número de inventario Total de préstamos Signatura topográfica completa Código de barras Fecha visto por última vez Precio válido a partir de Tipo de ítem Koha
      Excluido de préstamo Monografías: Libros y Folletos General General Depósito 17.08.2009 LF1   v.2 1393-10 25.06.2020 25.06.2020 No se presta
      Excluido de préstamo Monografías: Libros y Folletos General General Depósito 23.01.2012 LF1   v.2, e.2 1393-20 25.06.2020 25.06.2020 No se presta
  Extraviado   Excluido de préstamo Monografías: Libros y Folletos General General Extraviado 06.04.2017 LF1   1393-30 25.06.2020 25.06.2020 No se presta

Powered by Koha